000 00713cam a22002054a 4500
999 _c7807
_d7807
003 OSt
005 20200521141144.0
008 040429s2005 enka b 001 0 eng
020 _a9780761942160
082 _a808.066HAR
100 1 _aHart, Chris.
245 1 0 _aDoing your masters dissertation :
_brealizing your potential as a social scientist /
_cChris Hart.
260 _aLondon ;
_aThousand Oaks, Calif. :
_bSage Publications,
_c2005.
300 _axiii, 481 p. :
_bill. ;
_c25 cm.
440 0 _aSage essential study skills
504 _aIncludes bibliographical references (p. [461]-472) and index.
650 0 _aDissertations, Academic.
650 0 _aSocial sciences
_xResearch
_xMethodology.
942 _2ddc